banner koha

Ganhos geneticos esperados pela selecao direta e indireta para caracteres reprodutivos em galinhas para corte (Piracicaba, 1976)[melhoramento genetico animal, selecao massal, Brasil] (Registro n. 310092)

MARC details
000 -LÍDER
campo de controle de tamanho fixo 01050naa a22002777a 4500
001 - NÚMERO DE CONTROLE
campo de controle BR7807645
003 - IDENTIFICADOR DO NÚMERO DE CONTROLE
campo de controle BR-BrBNA
005 - DATA E HORÁRIO DA ÚLTIMA TRANSAÇÃO
campo de controle 20240918174259.0
007 - CAMPO FIXO DE DESCRIÇÃO FÍSICA--INFORMAÇÃO GERAL
campo de controle de tamanho fixo ta
008 - CAMPO DE DADOS FIXOS--INFORMAÇÃO GERAL
campo de controle de tamanho fixo 230509b bl.||||| |||| 00| 0 por d
040 ## - FONTE DA CATALOGAÇÃO
Instituição da catalogação original BR-BrBNA
Idioma da catalogação por
Instituição que transcreveu o registro Biblioteca Nacional de Agricultura
041 ## - CÓDIGO DE IDIOMA
Código do idioma do texto/trilha sonora ou título diferente (Pt)
072 ## - CÓDIGO DE CATEGORIA DE ASSUNTO
Código de Categoria de Assunto L10
Código do objeto 6100
-- G514
090 ## - NÚMERO DE CHAMADA LOCAL
Número de chamada L10 BR7807645
100 1# - ENTRADA PRINCIPAL--NOME PESSOAL
Nome pessoal Zaborowsky, S.
100 1# - ENTRADA PRINCIPAL--NOME PESSOAL
Nome pessoal Custodio, R.W.S.
245 1# - TÍTULO
Título Ganhos geneticos esperados pela selecao direta e indireta para caracteres reprodutivos em galinhas para corte (Piracicaba, 1976)[melhoramento genetico animal, selecao massal, Brasil]
260 3# - PUBLICAÇÃO, DISTRIBUIÇÃO, ETC.
Local de publicação, distribuição, etc. Piracicaba, SP (Brasil):
Data da publicação, distribuição, etc. 1978.
500 ## - NOTA GERAL
Nota geral Relatorio cientifico 1978<br/>Piracicaba, SP (Brasil): 1978. p. 303-313<br/>(BR7807645-AM)L10<br/>
650 ## - ASSUNTO--TERMO TÓPICO
Cabeçalho tópico ou nome geográfico MELHORAMENTO GENETICO ANIMAL
650 ## - ASSUNTO--TERMO TÓPICO
Cabeçalho tópico ou nome geográfico SELECAO MASSAL
650 ## - ASSUNTO--TERMO TÓPICO
Cabeçalho tópico ou nome geográfico GALINHA PARA CORTE
773 0# - ENTRADA ANALÍTICA
Título Relatorio cientifico 1978 : no. 12 /
Número de controle do registro F30 BR7807616
Partes relacionadas Piracicaba, SP (Brasil), 1978.
Enumeração e primeira página 323 p.
909 ## -
-- 202404
-- Lucia
-- 55
-- Lucia Elande
942 ## - ELEMENTOS DE ENTRADA ADICIONADOS (KOHA)
Tipo de material Koha Capítulo-Livro
Fonte da classificação ou esquema de arquivamento na estante Classificação AGRIS
Exemplares
Situação do descarte Fonte da classificação ou esquema de arquivamento na estante Situação física Não pode ser emprestado Coleção Biblioteca de origem Biblioteca atual Localização na estante Total de empréstimos Número de telefone completo Data de último acesso Número do exemplar Tipo de material Koha Situação das perdas Data de aquisição Fonte de aquisição
  Classificação AGRIS       Biblioteca Nacional de Agricultura - Binagri Biblioteca Nacional de Agricultura - Binagri Agrobase - Acervo Geral   F30 BR7807616 20/05/2024 01 Capítulo-Livro   2024-04-11 Portaria Interministerial nº 164/94

BINAGRI

Telefone: (61)3218-2567/2388/3357/2097 - binagri@agro.gov.br

Ministério da Agricultura e Pecuária , Esplanada dos Ministérios, Bloco D, Anexo B, Brasília/DF, CEP: 70.043-900